| 000 | 02415cam a22004095i 4500 | ||
|---|---|---|---|
| 999 |
_c28260 _d28231 |
||
| 001 | 20565478 | ||
| 003 | EG-ScBUE | ||
| 005 | 20200308101852.0 | ||
| 008 | 180702t20182018caua f 001 0 eng d | ||
| 020 | _a1491957662 | ||
| 020 | _a9781491957660 | ||
| 035 | _a(OCoLC)ocn959595088 | ||
| 040 |
_aYDX _beng _erda _cYDX _dBDX _dOCLCQ _dBTCTA _dINO _dIUL _dOCLCF _dOCL _dCHVBK _dOCLCO _dEYM _dJRZ _dGL4 _dJRZ _dLOY _dUIU _dDLC _dEG-ScBUE |
||
| 082 | 0 | 4 |
_a005.133 _bMCK _222 |
| 100 | 1 |
_aMcKinney, Wes, _eauthor. _939106 |
|
| 245 | 1 | 0 |
_aPython for data analysis : _bdata wrangling with pandas, NumPy, and IPython / _cWes McKinney. |
| 246 | 3 | 0 | _aData wrangling with pandas, NumPy, and IPython |
| 250 | _aSecond edition. | ||
| 264 | 1 |
_aSebastopol, California : _bO'Reilly Media, Inc., _c[2018] |
|
| 264 | 4 | _cc2018 | |
| 300 |
_axvi, 528 pages : _billustrations ; _c24 cm |
||
| 336 |
_atext _btxt _2rdacontent |
||
| 336 |
_astill image _bsti _2rdacontent |
||
| 337 |
_aunmediated _bn _2rdamedia |
||
| 338 |
_avolume _bnc _2rdacarrier |
||
| 500 | _a"Revision history for the Second Edition: 2017-09-25: First Release"--Title page verso. | ||
| 500 | _aFirst edition: October 2012. | ||
| 500 | _aIncludes index. | ||
| 505 | 0 | _aPreliminaries -- Python language basics, IPython, and Jupyter notebooks -- Built-in data structures, functions, and files -- NumPy basics: arrays and vectorized computation -- Getting started with pandas -- Data loading, storage, and file formats -- Data cleaning and preparation -- Data wrangling: join, combine, and reshape -- Plotting and visualization -- Data aggregation and group operations -- Time series -- Advanced pandas -- Introduction to modeling libraies in Python -- Data analysis examples -- Advanced NumPy -- More on the IPython system. | |
| 520 | _a"Get complete instructions for manipulating, processing, cleaning, and crunching datasets in Python. Updated for Python 3.6, the second edition of this hands-on guide is packed with practical case studies that show you how to solve a broad set of data analysis problems effectively. You'll learn the latest versions of pandas, NumPy, IPython, and Jupyter in the process"--Page 4 of cover. | ||
| 650 | 7 |
_aPython (Computer program language) _2BUEsh |
|
| 650 | 7 |
_aProgramming languages (Electronic computers) _2BUEsh |
|
| 650 | 7 |
_aData mining. _2BUEsh |
|
| 653 |
_bCOMSCI _cMarch2020 |
||
| 655 |
_vReading book _934232 |
||
| 942 |
_2ddc _cBB |
||